[Event "Mittelfranken-chTB2a 1516"]
[Site "Mittelfranken"]
[Date "2016.04.17"]
[Round "9.2"]
[White "Adler, Herbert"]
[Black "Muenster, Erich"]
[Result "1/2-1/2"]
[WhiteElo "1846"]
[BlackElo "1964"]
[PlyCount "44"]
[EventDate "2015.10.18"]
[EventType "team-tourn"]
[EventRounds "9"]
[EventCountry "GER"]
[SourceTitle "EXT 2020"]
[Source "ChessBase"]
[SourceDate "2019.10.17"]
[SourceVersion "1"]
[SourceVersionDate "2019.10.17"]
[SourceQuality "1"]
[WhiteTeam "Buechenbach/Roth II"]
[BlackTeam "Heilsbronn"]
[WhiteTeamCountry "GER"]
[BlackTeamCountry "GER"]

1. d4 d6 2. Nf3 Nd7 3. c4 Ngf6 4. Nc3 e5 5. e4 Be7 6. g3 0-0 7. Bg2 c6 8. 0-0 Qc7 9. h3 a6 10. a4 Re8 11. a5 Bf8 12. Be3 exd4 13. Nxd4 Nc5 14. f3 d5 15. cxd5 cxd5 16. Bf4 Bd6 17. Ndb5 axb5 18. Nxb5 Bxf4 19. Nxc7 Bxc7 20. b4 Na6 21. b5 Nc5 22. exd5 Rxa5 1/2-1/2

[Event "Mittelfranken-chTB2a 1516"]
[Site "Mittelfranken"]
[Date "2016.04.03"]
[Round "8.2"]
[White "Hofer, Stefan1"]
[Black "Adler, Herbert"]
[Result "1/2-1/2"]
[WhiteElo "1870"]
[BlackElo "1846"]
[PlyCount "62"]
[EventDate "2015.10.18"]
[EventType "team-tourn"]
[EventRounds "9"]
[EventCountry "GER"]
[SourceTitle "EXT 2020"]
[Source "ChessBase"]
[SourceDate "2019.10.17"]
[SourceVersion "1"]
[SourceVersionDate "2019.10.17"]
[SourceQuality "1"]
[WhiteTeam "Cadolzburg"]
[BlackTeam "Buechenbach/Roth II"]
[WhiteTeamCountry "GER"]
[BlackTeamCountry "GER"]

1. e4 e6 2. d4 d5 3. exd5 exd5 4. Bd3 Bd6 5. Ne2 Ne7 6. Bg5 Bg4 7. f3 Bh5 8. Nf4 Bxf4 9. Bxf4 Nbc6 10. c3 Bg6 11. 0-0 0-0 12. a4 Qd7 13. a5 Bxd3 14. Qxd3 a6 15. Nd2 Nd8 16. Nb3 Ne6 17. Bg3 Rae8 18. Nc5 Nxc5 19. dxc5 Qc6 20. b4 f5 21. f4 Ng6 22. Rad1 Rd8 23. Rfe1 Qb5 24. Qf3 d4 25. Rxd4 Rxd4 26. cxd4 Qxb4 27. Qd5+ Kh8 28. Re6 Qb1+ 29. Re1 Qb4 30. Re6 Qb1+ 31. Re1 Qb4 1/2-1/2

[Event "Regionalliga NO 1516"]
[Site "Bayern"]
[Date "2016.01.31"]
[Round "6.8"]
[White "Dotzauer, Ernst"]
[Black "Adler, Herbert"]
[Result "1/2-1/2"]
[WhiteElo "1751"]
[BlackElo "1846"]
[PlyCount "60"]
[EventDate "2015.10.11"]
[EventType "team-tourn"]
[EventRounds "9"]
[EventCountry "GER"]
[SourceTitle "EXT 2018"]
[Source "ChessBase"]
[SourceDate "2017.10.13"]
[SourceVersion "1"]
[SourceVersionDate "2017.10.13"]
[SourceQuality "1"]
[WhiteTeam "Schwandorf"]
[BlackTeam "Buechenbach/Roth"]
[WhiteTeamCountry "GER"]
[BlackTeamCountry "GER"]

1. d4 d5 2. Nf3 c6 3. Bf4 Nf6 4. Nbd2 Bf5 5. e3 e6 6. Be2 Bd6 7. Bxd6 Qxd6 8. 0-0 Nbd7 9. c4 h6 10. h3 0-0 11. c5 Qc7 12. b4 e5 13. dxe5 Nxe5 14. Nxe5 Qxe5 15. Nf3 Qc7 16. Bd3 Be4 17. Bxe4 dxe4 18. Nd4 Rad8 19. Qc2 Rd5 20. a3 Rfd8 21. Rad1 R8d7 22. Ne2 Rd3 23. Qc1 Qd8 24. Nd4 Rxd1 25. Qxd1 Rd5 26. Qc2 Qe7 27. Rd1 Qd7 28. Rf1 Qe7 29. Rd1 Qd7 30. Rf1 Qe7 1/2-1/2

[Event "Regionalliga NO 1516"]
[Site "Bayern"]
[Date "2015.11.15"]
[Round "3.8"]
[White "Adler, Herbert"]
[Black "Albrecht, Andreas"]
[Result "1/2-1/2"]
[WhiteElo "1846"]
[BlackElo "1696"]
[PlyCount "47"]
[EventDate "2015.10.11"]
[EventType "team-tourn"]
[EventRounds "9"]
[EventCountry "GER"]
[SourceTitle "EXT 2018"]
[Source "ChessBase"]
[SourceDate "2017.10.13"]
[SourceVersion "1"]
[SourceVersionDate "2017.10.13"]
[SourceQuality "1"]
[WhiteTeam "Buechenbach/Roth"]
[BlackTeam "Regensburg Turnerschaft"]
[WhiteTeamCountry "GER"]
[BlackTeamCountry "GER"]

1. d4 Nf6 2. Nf3 e6 3. c4 b6 4. g3 Ba6 5. Qa4 Bb7 6. Bg2 c5 7. 0-0 cxd4 8. Nxd4 Bxg2 9. Kxg2 Be7 10. Nc3 0-0 11. Rd1 Qc8 12. f3 Nc6 13. Be3 Rd8 14. Rac1 Qb7 15. Nxc6 dxc6 16. Qc2 Qc7 17. Bf4 Bd6 18. Rxd6 Rxd6 19. Rd1 Rad8 20. Rxd6 Rxd6 21. Ne4 Nxe4 22. Qxe4 Qd7 23. Bxd6 Qxd6 24. f4 1/2-1/2

[Event "Forchheim op-B 14th"]
[Site "Forchheim"]
[Date "2015.10.04"]
[Round "5"]
[White "Adler, Herbert"]
[Black "Meier, Manfred1"]
[Result "0-1"]
[WhiteElo "2001"]
[BlackElo "1800"]
[PlyCount "128"]
[EventDate "2015.10.02"]
[EventType "swiss"]
[EventRounds "5"]
[EventCountry "GER"]
[SourceTitle "EXT 2019"]
[Source "ChessBase"]
[SourceDate "2018.10.10"]
[SourceVersion "1"]
[SourceVersionDate "2018.10.10"]
[SourceQuality "1"]

1. d4 d5 2. Nf3 Nf6 3. g3 c6 4. Bg2 e6 5. c4 dxc4 6. Ne5 Be7 7. 0-0 0-0 8. Nc3 Nd5 9. Nxc4 Nd7 10. e4 N5b6 11. Ne3 Nf6 12. Nc2 h6 13. Qe2 Re8 14. e5 Nfd5 15. Ne4 f5 16. Qh5 Rf8 17. Nc5 Qe8 18. Qe2 Qf7 19. f4 Nd7 20. Be3 Nxc5 21. dxc5 Rb8 22. Kh1 b6 23. cxb6 axb6 24. Rfd1 c5 25. Na3 Bb7 26. Nb5 Nxe3 27. Qxe3 Bxg2+ 28. Kxg2 Rfd8 29. b3 Qe8 30. a4 Rd7 31. Qf3 Rbd8 32. Nc3 Rd2+ 33. Rxd2 Rxd2+ 34. Kh3 g5 35. fxg5 hxg5 36. g4 Kg7 37. Ne2 Qh8+ 38. Kg2 f4 39. Rc1 Kf7 40. Rc4 Qxe5 41. Kf1 Bf6 42. Qe4 Qa1+ 43. Rc1 Qe5 44. Qxe5 Bxe5 45. Ke1 Rb2 46. a5 f3 47. Ng3 Rxh2 48. Nf1 Re2+ 49. Kd1 Bf4 50. axb6 Bxc1 51. Kxc1 Re4 52. Nd2 f2 53. Nxe4 f1Q+ 54. Kd2 Qf4+ 55. Kd3 Qb8 56. b7 Ke7 57. Nxc5 Kd6 58. Kc4 e5 59. b4 Kc6 60. b5+ Kd6 61. Ne4+ Kc7 62. Nc5 Qg8+ 63. Kb4 Qd5 64. b6+ Kb8 0-1

[Event "Forchheim op-B 14th"]
[Site "Forchheim"]
[Date "2015.10.03"]
[Round "2"]
[White "Faralisz, Patrick"]
[Black "Adler, Herbert"]
[Result "1-0"]
[WhiteElo "1641"]
[BlackElo "2001"]
[PlyCount "39"]
[EventDate "2015.10.02"]
[EventType "swiss"]
[EventRounds "5"]
[EventCountry "GER"]
[SourceTitle "EXT 2019"]
[Source "ChessBase"]
[SourceDate "2018.10.10"]
[SourceVersion "1"]
[SourceVersionDate "2018.10.10"]
[SourceQuality "1"]

1. e4 e6 2. d4 d5 3. Nd2 c5 4. exd5 Qxd5 5. Ngf3 cxd4 6. Bc4 Qd6 7. Nb3 Nc6 8. 0-0 g6 9. Nbxd4 Nxd4 10. Qxd4 Qxd4 11. Nxd4 Bd7 12. Bf4 Bg7 13. Nb5 Bxb5 14. Bxb5+ Ke7 15. Rad1 Bxb2 16. Rd7+ Kf6 17. Rb1 Ba3 18. Rb3 Bc5 19. Rf3 b6 20. Bh6+ 1-0

[Event "Forchheim op-B 13th"]
[Site "Forchheim"]
[Date "2014.10.03"]
[Round "2"]
[White "Nehls, Benedikt"]
[Black "Adler, Herbert"]
[Result "1/2-1/2"]
[WhiteElo "2009"]
[BlackElo "2010"]
[PlyCount "81"]
[EventDate "2014.10.03"]
[EventType "swiss"]
[EventRounds "5"]
[EventCountry "GER"]
[SourceTitle "EXT 2019"]
[Source "ChessBase"]
[SourceDate "2018.10.10"]
[SourceVersion "1"]
[SourceVersionDate "2018.10.10"]
[SourceQuality "1"]

1. Nf3 Nf6 2. c4 e6 3. d4 d5 4. Bg5 Nbd7 5. Nc3 h6 6. Bh4 c6 7. cxd5 exd5 8. e3 Bd6 9. Bd3 g5 10. Bg3 Qe7 11. Qc2 Rg8 12. 0-0-0 Nb6 13. Rhe1 Be6 14. Kb1 Bxg3 15. hxg3 0-0-0 16. Ne5 Kb8 17. Bf5 Bxf5 18. Qxf5 g4 19. Qf4 Ka8 20. Qxh6 Rh8 21. Qf4 Rh2 22. Rg1 Qe6 23. Rh1 Rdh8 24. Rxh2 Rxh2 25. Nd3 Ne8 26. Qe5 Qxe5 27. Nxe5 f5 28. Ng6 Kb8 29. Nh4 Nd6 30. Kc2 Nd7 31. b3 Nf6 32. Rf1 Kc7 33. Ne2 Nh5 34. Kd3 Kd7 35. Nc3 b6 36. Ne2 Ke6 37. Rc1 Kd7 38. f3 Nxg3 39. Nxg3 Rxh4 40. Rh1 Rxh1 41. Nxh1 1/2-1/2

[Event "Mittelfranken-chTB1 1314"]
[Site "Mittelfranken"]
[Date "2014.05.04"]
[Round "9.4"]
[White "Arlt, Michael"]
[Black "Adler, Herbert"]
[Result "1-0"]
[WhiteElo "1859"]
[BlackElo "1846"]
[PlyCount "73"]
[EventDate "2013.10.20"]
[EventType "team-tourn"]
[EventRounds "9"]
[EventCountry "GER"]
[SourceTitle "EXT 2020"]
[Source "ChessBase"]
[SourceDate "2019.10.17"]
[SourceVersion "1"]
[SourceVersionDate "2019.10.17"]
[SourceQuality "1"]
[WhiteTeam "Schwanstetten"]
[BlackTeam "Buechenbach/Roth"]
[WhiteTeamCountry "GER"]
[BlackTeamCountry "GER"]

1. d4 Nf6 2. Nf3 e6 3. Bg5 h6 4. Bh4 Be7 5. Nbd2 b6 6. e4 Bb7 7. Bd3 c5 8. e5 Nd5 9. Bxe7 Qxe7 10. Ne4 0-0 11. Nd6 Ba6 12. c4 Nc7 13. dxc5 bxc5 14. Be4 Nc6 15. Bxc6 dxc6 16. Qa4 Rab8 17. b3 Rb6 18. Qa5 Rd8 19. Rd1 Ne8 20. Qxc5 Qc7 21. 0-0 Bc8 22. Nxe8 Rxe8 23. Rd6 Ra6 24. a4 Qb6 25. Qa3 Qa5 26. c5 f6 27. exf6 gxf6 28. Qc1 Kg7 29. Rfd1 Qc7 30. Nh4 Qf7 31. R1d3 e5 32. Rg3+ Kh7 33. Qc2+ e4 34. f3 Qh5 35. Rxf6 Qe5 36. Rf7+ Kh8 37. Ng6+ 1-0

[Event "Mittelfranken-chTB1 1314"]
[Site "Mittelfranken"]
[Date "2013.11.17"]
[Round "2.6"]
[White "Adler, Herbert"]
[Black "Suess, Stefan"]
[Result "1/2-1/2"]
[WhiteElo "1846"]
[BlackElo "2047"]
[PlyCount "39"]
[EventDate "2013.10.20"]
[EventType "team-tourn"]
[EventRounds "9"]
[EventCountry "GER"]
[SourceTitle "EXT 2020"]
[Source "ChessBase"]
[SourceDate "2019.10.17"]
[SourceVersion "1"]
[SourceVersionDate "2019.10.17"]
[SourceQuality "1"]
[WhiteTeam "Buechenbach/Roth"]
[BlackTeam "Nuernberg NT III"]
[WhiteTeamCountry "GER"]
[BlackTeamCountry "GER"]

1. d4 e6 2. g3 d5 3. Nf3 Nf6 4. c4 Be7 5. Bg2 0-0 6. 0-0 dxc4 7. Ne5 c5 8. dxc5 Qc7 9. Nxc4 Rd8 10. Qb3 Nc6 11. Bf4 e5 12. Nd6 Bxd6 13. cxd6 Rxd6 14. Be3 Be6 15. Qa3 Nd4 16. Nc3 Qd7 17. Bxd4 exd4 18. Ne4 Nxe4 19. Bxe4 Bd5 20. Bxd5 1/2-1/2

[Event "Mittelfranken-chTB1 1314"]
[Site "Mittelfranken"]
[Date "2013.10.20"]
[Round "1.5"]
[White "Adler, Herbert"]
[Black "Classen, Anton"]
[Result "1/2-1/2"]
[WhiteElo "1846"]
[BlackElo "1820"]
[PlyCount "50"]
[EventDate "2013.10.20"]
[EventType "team-tourn"]
[EventRounds "9"]
[EventCountry "GER"]
[SourceTitle "EXT 2020"]
[Source "ChessBase"]
[SourceDate "2019.10.17"]
[SourceVersion "1"]
[SourceVersionDate "2019.10.17"]
[SourceQuality "1"]
[WhiteTeam "Buechenbach/Roth"]
[BlackTeam "Buechenbach/Roth II"]
[WhiteTeamCountry "GER"]
[BlackTeamCountry "GER"]

1. d4 d5 2. c4 e6 3. Nf3 Nf6 4. g3 c6 5. Bg2 Nbd7 6. b3 Bb4+ 7. Bd2 Qa5 8. a3 Bxd2+ 9. Qxd2 Qxd2+ 10. Nbxd2 0-0 11. 0-0 b6 12. e4 dxe4 13. Ng5 Bb7 14. Ngxe4 Nxe4 15. Nxe4 Rad8 16. Rfd1 Ba8 17. b4 e5 18. d5 cxd5 19. cxd5 Nb8 20. Rd2 f5 21. Ng5 Rd6 22. Bf1 Rc8 23. Nf3 Nd7 24. Bb5 e4 25. Bxd7 Rxd7 1/2-1/2

[Event "Mittelfranken-chTB1 1213"]
[Site "Germany"]
[Date "2012.10.07"]
[Round "6.7"]
[White "Adler, Herbert"]
[Black "Firla, Erwin"]
[Result "1-0"]
[WhiteElo "1902"]
[BlackElo "1868"]
[PlyCount "71"]
[EventDate "2012.10.07"]
[EventType "team-tourn"]
[EventRounds "9"]
[EventCountry "GER"]
[SourceTitle "EXT 2019"]
[Source "ChessBase"]
[SourceDate "2018.10.10"]
[SourceVersion "1"]
[SourceVersionDate "2018.10.10"]
[SourceQuality "1"]
[WhiteTeam "Buechenbach/Roth"]
[BlackTeam "Postbauer Heng"]
[WhiteTeamCountry "GER"]
[BlackTeamCountry "GER"]

1. d4 d5 2. g3 Nf6 3. Bg2 e6 4. c4 c6 5. Nf3 Bb4+ 6. Bd2 Bxd2+ 7. Qxd2 0-0 8. 0-0 Nbd7 9. cxd5 exd5 10. Nc3 Re8 11. Rfe1 h6 12. Qc2 Ne4 13. Rad1 Ng5 14. Ne5 Qf6 15. f4 Nh7 16. e4 dxe4 17. Bxe4 Nhf8 18. Ng4 Qd8 19. Ne5 Nxe5 20. dxe5 Qb6+ 21. Kg2 Bg4 22. Rd6 Rad8 23. Nd5 Qa6 24. Ne3 Rxd6 25. exd6 Bd7 26. Rd1 Qxa2 27. Nf5 Qa5 28. Ne7+ Kh8 29. Qb3 Be6 30. Qxb7 Qh5 31. Bf3 Qh3+ 32. Kg1 Bd7 33. Bxc6 Qe6 34. Qxa7 Bxc6 35. Nxc6 Nd7 36. Ne5 1-0

[Event "Nuremberg LGA Cup 9th"]
[Site "Nuremberg"]
[Date "2012.09.09"]
[Round "7"]
[White "Adler, Herbert"]
[Black "Krah, Michael"]
[Result "1/2-1/2"]
[WhiteElo "2011"]
[BlackElo "2091"]
[PlyCount "23"]
[EventDate "2012.09.06"]
[EventType "swiss"]
[EventRounds "7"]
[EventCountry "GER"]
[SourceTitle "CBM 150 Extra"]
[Source "ChessBase"]
[SourceDate "2012.10.19"]
[SourceVersion "1"]
[SourceVersionDate "2012.10.19"]
[SourceQuality "1"]

1. d4 d6 2. g3 Nf6 3. Bg2 g6 4. Nf3 Bg7 5. c4 0-0 6. 0-0 c6 7. Nc3 Qc7 8. h3 Nbd7 9. e4 c5 10. d5 a6 11. Be3 b5 12. Nd2 1/2-1/2

[Event "Nuremberg LGA Cup 9th"]
[Site "Nuremberg"]
[Date "2012.09.08"]
[Round "5"]
[White "Adler, Herbert"]
[Black "Matuschek, Thomas"]
[Result "1-0"]
[WhiteElo "2011"]
[BlackElo "1782"]
[PlyCount "59"]
[EventDate "2012.09.06"]
[EventType "swiss"]
[EventRounds "7"]
[EventCountry "GER"]
[SourceTitle "CBM 150 Extra"]
[Source "ChessBase"]
[SourceDate "2012.10.19"]
[SourceVersion "1"]
[SourceVersionDate "2012.10.19"]
[SourceQuality "1"]

1. d4 Nf6 2. g3 e6 3. c4 d5 4. Bg2 Be7 5. Nf3 0-0 6. 0-0 Nbd7 7. b3 b6 8. Bb2 Bb7 9. Re1 c6 10. Nbd2 Qc7 11. Rc1 Rac8 12. Qc2 Rfe8 13. Ne5 Bd6 14. Nxd7 Qxd7 15. e4 dxe4 16. Nxe4 Be7 17. Rcd1 Qc7 18. Rd3 g6 19. Red1 Nxe4 20. Bxe4 Bf6 21. Qe2 Qe7 22. h4 h5 23. Bf3 Kg7 24. Bc1 Rh8 25. Bf4 c5 26. Bxb7 Qxb7 27. dxc5 bxc5 28. Rd7 Qb6 29. R1d6 Rc6 30. Qxe6 1-0

[Event "Mittelfranken-chTB1 1112"]
[Site "Germany"]
[Date "2012.01.15"]
[Round "5.8"]
[White "Konsek, Peter"]
[Black "Adler, Herbert"]
[Result "1/2-1/2"]
[WhiteElo "1916"]
[BlackElo "1893"]
[PlyCount "47"]
[EventDate "2011.09.25"]
[EventType "team-tourn"]
[EventRounds "9"]
[EventCountry "GER"]
[SourceTitle "EXT 2013"]
[Source "ChessBase"]
[SourceDate "2012.11.22"]
[SourceVersion "1"]
[SourceVersionDate "2012.11.22"]
[SourceQuality "1"]
[WhiteTeam "Nuernberg Sued SW II"]
[BlackTeam "Buechenbach/Roth"]
[WhiteTeamCountry "GER"]
[BlackTeamCountry "GER"]

1. e4 e6 2. d4 d5 3. Nc3 Bb4 4. e5 c5 5. a3 Bxc3+ 6. bxc3 Qc7 7. Qg4 Ne7 8. Qxg7 Rg8 9. Qxh7 Nbc6 10. Nf3 cxd4 11. Bb5 Bd7 12. Bxc6 Qxc6 13. 0-0 Qxc3 14. Bg5 Bb5 15. Rfe1 Rc8 16. Rab1 Ba6 17. h4 Qxc2 18. Qxc2 Rxc2 19. Nxd4 Rc4 20. Red1 Kd7 21. Rb3 Nc6 22. Nxc6 Kxc6 23. Bf6 Rc2 24. Rd4 1/2-1/2

[Event "Nuremberg LGA Cup 8th"]
[Site "Nuremberg"]
[Date "2011.09.10"]
[Round "4"]
[White "Beesk, Kevin"]
[Black "Adler, Herbert"]
[Result "0-1"]
[WhiteElo "1673"]
[BlackElo "1875"]
[PlyCount "156"]
[EventDate "2011.09.08"]
[EventType "swiss"]
[EventRounds "7"]
[EventCountry "GER"]
[SourceTitle "CBM 144 Extra"]
[Source "ChessBase"]
[SourceDate "2011.10.28"]
[SourceVersion "1"]
[SourceVersionDate "2011.10.28"]
[SourceQuality "1"]

1. Nc3 d5 2. e4 dxe4 3. Nxe4 Bf5 4. Ng3 Bg6 5. Bc4 e6 6. Nf3 h6 7. 0-0 Nd7 8. Re1 Ngf6 9. d4 Be7 10. b3 0-0 11. Bb2 c6 12. Bd3 Bxd3 13. Qxd3 Qc7 14. c4 Rfd8 15. Qe2 Bd6 16. Rac1 Bf4 17. Rc2 Rac8 18. Rd1 Qa5 19. Bc3 Qa6 20. Nf1 b6 21. g3 Bd6 22. Ne3 Qb7 23. Ne5 Be7 24. Qf3 Rc7 25. Nxd7 Rcxd7 26. Rcd2 Qc7 27. Kf1 b5 28. Ke1 h5 29. h3 a6 30. g4 b4 31. Ba1 hxg4 32. hxg4 Ne8 33. d5 exd5 34. cxd5 c5 35. Nc4 Bf6 36. Bxf6 Nxf6 37. Kf1 Qb7 38. Ne3 Ne8 39. Kg2 Nc7 40. d6 Qxf3+ 41. Kxf3 Nb5 42. Nc4 f6 43. Kf4 Kf7 44. Nb6 Rxd6 45. Rxd6 Rxd6 46. Rxd6 Nxd6 47. g5 fxg5+ 48. Kxg5 Ne4+ 49. Kf4 Nxf2 50. Ke3 Nd1+ 51. Kd3 Nc3 52. Kc4 Ke6 53. Kxc5 Nxa2 54. Nc4 g5 55. Ne3 Ke5 56. Ng4+ Kf4 57. Nf2 Ke3 58. Nh3 g4 59. Ng5 Kd3 60. Kb6 Kc3 61. Kxa6 Kxb3 62. Kb5 g3 63. Kc5 g2 64. Nf3 Nc3 65. Ng1 Na4+ 66. Kd4 Kc2 67. Nf3 b3 68. Ne1+ Kc1 69. Nxg2 b2 70. Nf4 b1Q 71. Ke3 Qb3+ 72. Kf2 Kd2 73. Kg2 Nc5 74. Kh2 Ne4 75. Ng2 Qf3 76. Kh1 Ke2 77. Kg1 Qg3 78. Kh1 Kf2 0-1

[Event "Mittelfranken-chTB1 1011"]
[Site "Germany"]
[Date "2011.05.15"]
[Round "9.2"]
[White "Adler, Herbert"]
[Black "Bolten, Daniel"]
[Result "1/2-1/2"]
[WhiteElo "1921"]
[BlackElo "1889"]
[PlyCount "25"]
[EventDate "2010.09.26"]
[EventType "team-tourn"]
[EventRounds "9"]
[EventCountry "GER"]
[SourceTitle "EXT 2012"]
[Source "ChessBase"]
[SourceDate "2011.11.24"]
[SourceVersion "1"]
[SourceVersionDate "2011.11.24"]
[SourceQuality "1"]
[WhiteTeam "Buechenbach/Roth"]
[BlackTeam "Nuernberg Sued SW III"]
[WhiteTeamCountry "GER"]
[BlackTeamCountry "GER"]

1. d4 Nf6 2. Nf3 e6 3. c4 b6 4. g3 Bb4+ 5. Bd2 Be7 6. Nc3 Bb7 7. Qc2 d5 8. cxd5 exd5 9. Bg2 0-0 10. 0-0 a6 11. Ne5 Nc6 12. Nxc6 Bxc6 13. Bf4 1/2-1/2

[Event "Mittelfranken-chTB1 1011"]
[Site "Germany"]
[Date "2010.12.05"]
[Round "4.1"]
[White "Adler, Herbert"]
[Black "Dittmar, Thomas"]
[Result "0-1"]
[WhiteElo "1921"]
[BlackElo "1915"]
[PlyCount "72"]
[EventDate "2010.09.26"]
[EventType "team-tourn"]
[EventRounds "9"]
[EventCountry "GER"]
[SourceTitle "EXT 2012"]
[Source "ChessBase"]
[SourceDate "2011.11.24"]
[SourceVersion "1"]
[SourceVersionDate "2011.11.24"]
[SourceQuality "1"]
[WhiteTeam "Buechenbach/Roth"]
[BlackTeam "Fuerth"]
[WhiteTeamCountry "GER"]
[BlackTeamCountry "GER"]

1. d4 Nf6 2. c4 c5 3. Nf3 cxd4 4. Nxd4 e5 5. Nb5 d5 6. cxd5 Bc5 7. e3 0-0 8. N1c3 a6 9. Na3 b5 10. Nc2 Bf5 11. g3 Nbd7 12. Bg2 e4 13. Nd4 Bg4 14. Qb3 Re8 15. 0-0 Qb6 16. h3 Bh5 17. Nf5 Rad8 18. g4 Bg6 19. Ng3 Bd6 20. g5 Nc5 21. Qd1 Bxg3 22. fxg3 Nh5 23. g4 Ng3 24. Rf4 Nd3 25. Kh2 Nxf4 26. exf4 b4 27. Qb3 Qf2 28. Nd1 Nf1+ 29. Kh1 Qe1 30. Bxf1 Qxf1+ 31. Kh2 e3 32. Bxe3 Be4 33. Kg3 Bxd5 34. Qxb4 Qf3+ 35. Kh4 Rxe3 36. Nxe3 Qf2+ 0-1